Introduction to Business Statistics (Record no. 4946)

MARC details
005 - DATE AND TIME OF LATEST TRANSACTION
control field 20250625075602.0
020 ## - INTERNATIONAL STANDARD BOOK NUMBER
International Standard Book Number 0-534-38770-5
082 ## - DEWEY DECIMAL CLASSIFICATION NUMBER
Classification number 519.5 WEI
100 ## - MAIN ENTRY--PERSONAL NAME
Author name WEIERS, R. M.
245 ## - TITLE STATEMENT
Title Introduction to Business Statistics
250 ## - EDITION STATEMENT
Edition statement 4th Ed.
260 ## - PUBLICATION, DISTRIBUTION, ETC.
Place of publication, distribution, etc. Canada,
Name of publisher, distributor, etc. Thomson,
Date of publication, distribution, etc. 2002.
300 ## - PHYSICAL DESCRIPTION
Extent 311p.; ill.; figure, table
Other physical details Index
Dimensions 26cm.
942 ## - ADDED ENTRY ELEMENTS (KOHA)
Source of classification or shelving scheme Dewey Decimal Classification
Koha item type Books
Holdings
Date last seen Total checkouts Full call number Barcode Cost, replacement price Price effective from Koha item type Lost status Source of classification or shelving scheme Damaged status Not for loan Withdrawn status Home library Current library Shelving location Date acquired Cost, normal purchase price
06/25/2025   519.5 WEI DOM000949 150000.00 06/25/2025 Books   Dewey Decimal Classification       CBE Dodoma CBE Dodoma General Collection 07/24/2017 50000.00
06/27/2025   519.5 WEI DOM0002061 150000.00 06/27/2025 Books   Dewey Decimal Classification       CBE Dodoma CBE Dodoma General Collection 07/24/2017 50000.00